Grounded All Landmarks - Statistics

General Stats
  • This quiz has been taken 50 times
    28 since last reset
  • The average score is 19 of 107
Answer Stats
Biome Landmark % Correct
Hedge Hedge Lab
46%
Pond Pond Lab
46%
Hedge Apricop Punch-O
38%
Grasslands Armed Raspberry Punch-O
38%
Upper Grasslands Brawny Boy Bin Field Station
38%
Upper Grasslands Brick Wall Field Station
38%
Grasslands Dry Grasslands Field Station
38%
Grasslands Fallen Oak Branch Field Station
38%
Grasslands Flower Bed Field Station
38%
Haze Haze Field Station
38%
Hedge Hedge Field Station
38%
Upper Grasslands Jungle Field Station
38%
Grasslands Lemon Crime Punch-O
38%
Upper Grasslands Moldorc Field Station
38%
Upper Grasslands Northern Grasslands Field Station
38%
Pond Pagoda Field Station
38%
Haze Peach Fuzz Punch-O
38%
Picnic Table Picnic Table Field Station
38%
Grasslands Plank Field Station
38%
Sandbox Sandbox Black Anthill Descent
38%
Sandbox Sandbox Field Station
38%
Upper Grasslands Shed Field Station
38%
Grasslands Starting Field Station
38%
Upper Grasslands Stump Field Station
38%
Upper Grasslands Tire Field Station
38%
Trash Heap Trash Heap Black Anthill Descent
38%
Trash Heap Trash Heap Field Station
38%
Grasslands Trowel Gulch Field Station
38%
Undershed Undershed Field Station
38%
Upper Grasslands Woodpile Field Station
38%
Grasslands Baseball
31%
Haze Haze Lab
31%
Grasslands Oak Lab
31%
Grasslands Tropicop Punch-O
31%
Pond Wedding Ring
31%
Grasslands Yoked Girth Head
31%
Picnic Table Leaning Shovel
23%
Grasslands Rash
23%
Upper Grasslands Stump
23%
Grasslands 4 Leaf Clover
15%
Grasslands Frankenline
15%
Haze Haze Exposed Pipe
15%
Haze Haze MIX.R
15%
Hedge Hedge Ascent
15%
Hedge Hedge MIX.R
15%
Upper Grasslands Lawnmower
15%
Grasslands Mysterious Machine
15%
Grasslands Northern Grasslands MIX.R
15%
Picnic Table Picnic Table Exposed Pipe
15%
Grasslands Red Anthill MIX.R
15%
Sandbox Sandbox MIX.R
15%
Upper Grasslands Upper Yard Ascent
15%
Upper Grasslands Wheelbarrow
15%
Upper Grasslands Abandoned Gardening Glove
8%
Upper Grasslands Berry Bushes Super MIX.R
8%
Trash Heap Black Anthill Lab
8%
Upper Grasslands Brawny Boy Bin Entrance
8%
Upper Grasslands Buster Cap Gun
8%
Pond Calvo Can
8%
Upper Grasslands Charcoal Hot Springs
8%
Grasslands Chop Can
8%
Trash Heap Crushed La Bise Can
8%
Pond Depths Mouth
8%
Upper Grasslands Dirty Ashtray
8%
Upper Grasslands Full-Sized SCA.B
8%
Grasslands Garden Gnome
8%
Hedge Hedge Lab Breach
8%
Grasslands Jabby Cola
8%
Upper Grasslands Jungle Anthill
8%
Grasslands La Bise Can
8%
Upper Grasslands Large Disassembled TAYZ.T
8%
Upper Grasslands Lawnmower Super MIX.R
8%
Picnic Table Milk Molar Bottle
8%
Grasslands Old Ant Hill
8%
Sandbox Sandbox Lab Outpost
8%
Pond Sunken Pot
8%
Pond Sunken T-Rex
8%
Undershed Undershed Entrance
8%
Undershed Undershed Lab
8%
Upper Grasslands Upper Grasslands Super MIX.R
8%
Upper Grasslands Wasp Nest
8%
Upper Grasslands Woodpile Entrance
8%
Upper Grasslands Bomber Baseball Bat
0%
Upper Grasslands Castle Moldorc Playset
0%
Upper Grasslands Christy Doll Car
0%
Picnic Table Cooler Box
0%
Upper Grasslands Cootie Catcher
0%
Hedge Fizzam Can (Chuberry)
0%
Upper Grasslands Fizzam Can (Pamplemousse)
0%
Hedge Flingman Flying Disc
0%
Grasslands Ice Caps Mints
0%
Upper Grasslands JavaMatic
0%
Upper Grasslands JavaMatic Storage Facility
0%
Upper Grasslands Lawnmower Anthill
0%
Picnic Table Minotaur Maze's End
0%
Upper Grasslands Mysterious Lab
0%
Pond Pond Dome
0%
Pond Pond Hatch
0%
Upper Grasslands Samsquanch Dirt Bike
0%
Grasslands Squirts Carton
0%
Upper Grasslands Stump Lab Outpost
0%
Trash Heap Trashed AARTZ 3000
0%
Undershed Undershed Sinkhole
0%
Grasslands Welp Flavordrink
0%
Upper Grasslands Worm Holes Rocket
0%
Upper Grasslands Yogi Swole Head
0%
Trash Heap Yoked Girth Blister Pack
0%
No matching quizzes found
Score Distribution
Percent of People with Each Score
Percentile by Number Answered
Your Score History
You have not taken this quiz since the last reset